BØRNS Discography - Statistics

General Stats
  • This quiz has been taken 4 times
    3 since last reset
  • The average score is 13 of 43
Answer Stats
Album Song % Correct
Blue Madonna Blue Madonna
100%
Suddenly Suddenly
100%
Dopamine American Money
67%
Dopamine Clouds
67%
Dopamine Dopamine
67%
Candy Electric Love
67%
Dopamine Electric Love
67%
Blue Madonna God Save Our Young Blood
67%
Honeybee Honeybee
67%
Suddenly Junk!
67%
Suddenly Sad Face
67%
Candy 10,000 Emerald Pools
33%
Dopamine 10,000 Emerald Pools
33%
Suddenly Beautiful Glamorous Miserable Illusion
33%
Blue Madonna Bye-bye Darling
33%
Dopamine Dug My Heart
33%
Blue Madonna Faded Heart
33%
Dopamine Holy Ghost
33%
Blue Madonna I Don't Want U Back
33%
Suddenly Just In Case I Love You
33%
Honeybee Letting Myself Go
33%
Candy Past Lives
33%
Dopamine Past Lives
33%
Blue Madonna Second Night of Summer
33%
Blue Madonna Sweet Dreams
33%
Blue Madonna Tension (Interlude)
33%
Suddenly Wait
33%
Honeybee Back To The Way We Was
0%
Honeybee Blue Corvette
0%
Honeybee Breakfast of Bohemians
0%
Dopamine Fool
0%
Honeybee Grateful For
0%
Blue Madonna Iceberg
0%
Single It's You
0%
Blue Madonna Man
0%
Dopamine Overnight Sensation
0%
Candy Seeing Stars
0%
Single Sunday Morning
0%
Blue Madonna Supernatural
0%
Honeybee Taylor
0%
Dopamine The Emotion
0%
Single Together Together
0%
Blue Madonna We Don't Care
0%
No matching quizzes found
Score Distribution
Percent of People with Each Score
Percentile by Number Answered
Your Score History
You have not taken this quiz since the last reset